| 000 | 00441nam a2200133 4500 | ||
|---|---|---|---|
| 999 |
_c9609 _d9609 |
||
| 003 | OSt | ||
| 005 | 20210705123031.0 | ||
| 008 | 210705b ||||| |||| 00| 0 eng d | ||
| 020 | _a9781940291994 | ||
| 082 |
_a724.6 _bGRO |
||
| 100 | _aGromark, Sten | ||
| 245 | _architecture in effect. Volume 1: Rethinking the social in architecture: making effects / Volume 2: After effects: theories and methodologies in architectural research | ||
| 942 | _2ddc | ||